Saladin and the fall of the kingdom of jersualem / (Record no. 14196)
[ view plain ]
| 000 -LEADER | |
|---|---|
| fixed length control field | 00742nam a2200217 a 4500 |
| 001 - CONTROL NUMBER | |
| control field | ASIN9839541552 |
| 005 - DATE AND TIME OF LATEST TRANSACTION | |
| control field | 20170105102849.0 |
| 008 - FIXED-LENGTH DATA ELEMENTS--GENERAL INFORMATION | |
| fixed length control field | 130820s2007 xxu eng d |
| 020 ## - INTERNATIONAL STANDARD BOOK NUMBER | |
| International Standard Book Number | 9839541552 (paperback) |
| 020 ## - INTERNATIONAL STANDARD BOOK NUMBER | |
| International Standard Book Number | 9789839541557 (paperback) |
| 040 ## - CATALOGING SOURCE | |
| Original cataloging agency | 0 |
| 082 ## - DEWEY DECIMAL CLASSIFICATION NUMBER | |
| Classification number | 923 |
| 100 1# - MAIN ENTRY--PERSONAL NAME | |
| Personal name | Lane-Poole, Stanley. |
| 245 10 - TITLE STATEMENT | |
| Title | Saladin and the fall of the kingdom of jersualem / |
| Statement of responsibility, etc. | Stanley Lane-Poole. |
| 250 ## - EDITION STATEMENT | |
| Edition statement | Revised. |
| 260 ## - PUBLICATION, DISTRIBUTION, ETC. | |
| Place of publication, distribution, etc. | [S.l.] : |
| Name of publisher, distributor, etc. | Islamic Book Trust, |
| Date of publication, distribution, etc. | 2007. |
| 300 ## - PHYSICAL DESCRIPTION | |
| Extent | 408 p. |
| 520 ## - SUMMARY, ETC. | |
| Summary, etc. | Paperback (Top) 408 Pages Stanley Lane-Poole (Revised Edition, Incld. 8 Pages Of Colour Illustrations. |
| 856 40 - ELECTRONIC LOCATION AND ACCESS | |
| Materials specified | Amazon.com |
| Uniform Resource Identifier | <a href="http://www.amazon.com/exec/obidos/ASIN/9839541552/chopaconline-20">http://www.amazon.com/exec/obidos/ASIN/9839541552/chopaconline-20</a> |
| 942 ## - ADDED ENTRY ELEMENTS (KOHA) | |
| Source of classification or shelving scheme | |
| Koha item type | Book |
| Withdrawn status | Lost status | Damaged status | Not for loan | Collection code | Permanent Location | Current Location | Shelving location | Date acquired | Total Checkouts | Full call number | Barcode | Date last seen | Price effective from | Koha item type |
|---|---|---|---|---|---|---|---|---|---|---|---|---|---|---|
| Centre for International Peace & Stability (CIPS) | Centre for International Peace & Stability (CIPS) | General Stacks | 08/20/2013 | 923 LAN 2007 | CIPS0000680 | 08/20/2013 | 08/20/2013 | Book |
